NCT U and NCT DOJAEJUNG all songs(2024 update) - Statistics

General Stats
  • This quiz has been taken 255 times
    201 since last reset
  • The average score is 29 of 64
Answer Stats
Hint Answer % Correct
Perfume Perfume
90%
Debut single The 7th Sense
83%
Pre-release(Universe album) Universe (Let's Play Ball)
81%
Perfume Kiss
78%
NCT 2018 EMPATHY Boss
76%
NCT Reson--ance Pt. 1 Make A Wish (Birthday Song)
74%
NCT Reson--ance Pt. 2 90's Love
69%
Pre-release (NCT 2023) Golden Age
68%
Perfume Strawberry Sunday
67%
NCT 2018 EMPATHY Baby don't stop
66%
Golden Age Baggy Jeans
66%
Golden Age Pado
65%
Digital single(NCT 2020) Resonance
62%
2nd debut single Without You
62%
Golden Age Kangaroo
60%
Golden Age The Bat
60%
NCT Reson--ance Pt. 2 Work It
60%
Perfume Can We Go Back
59%
Universe OK!
58%
NCT 2018 EMPATHY Yestoday
58%
NCT Reson--ance Pt. 1 Misfit
56%
NCT Reson--ance Pt. 1 From Home
54%
Golden Age Alley Oop
53%
Perfume Dive
52%
Universe Beautiful
50%
Golden Age Call D
49%
NCT Reson--ance Pt. 1 Faded In My Last Song
49%
Universe Round&Round
49%
NCT Reson--ance Pt. 1 Volcano
47%
Perfume Ordinary
45%
Dokgo Rewind OST New Dream
43%
NCT Reson--ance Pt. 2 Outro: Dream Routine
43%
NCT Reson--ance Pt. 2 Raise The Roof
43%
NCT 2018 EMPATHY Intro: Neo Got My Back
41%
Universe New Axis
41%
Golden Age Interlude: Oasis
38%
Golden Age That's Not Fair
38%
SM STATION Timeless
38%
Universe Birthday Party
35%
NCT Reson--ance Pt. 2 I.O.U
35%
4th digital
single(NCT
LAB)
Marine Turtle
35%
NCT Reson--ance Pt. 2 My Everything
35%
Golden Age Not Your Fault
35%
NCT Reson--ance Pt. 1 Dancing In The Rain
34%
Universe Good Night
33%
NCT Reson--ance Pt. 1 Light Bulb
32%
2nd digital single(NCT LAB) Rain Day
32%
Universe Vroom
32%
3rd digital
single(NCT
LAB)
N.Y.C.T
31%
Universe Sweet Dream
31%
NCT ZONE OST Do It (Let's Play)
30%
NCT 2018 EMPATHY Dream In A Dream
29%
Universe Know Now
27%
NCT 2018 EMPATHY Outro: Vision
25%
Digital single(NCT LAB) Conextion (Age of Light)
24%
Maxis By Ryan Jhun Pt. 1 Maniac
24%
NCT Reson--ance Pt. 2 All About You
22%
STATION X 4 LOVEs for Winter Part.2 Coming Home
21%
NCT Reson--ance Pt. 1 Interlude: Past to Present
18%
NCT Reson--ance Pt. 2 Interlude: Present to Future
15%
When You're On The Blacklist Of Bullies OST New Love
15%
Radio Romance OST Radio Romance
15%
The Tale of Nokdu OST Baby Only You
10%
School 2017 OST Stay in my Life
7%
No matching quizzes found
Score Distribution
Percent of People with Each Score
Percentile by Number Answered
Your Score History
You have not taken this quiz since the last reset